[Event "12. Süder Sommerpokal"]
[Site "Recklinghausen"]
[Date "2001.08.08"]
[Round "5"]
[White "Khenkin, Igor"]
[Black "Podzielny, Karl-Heinz"]
[Result "1/2-1/2"]
[WhiteElo "2579"]
[BlackElo "2477"]
[PlyCount "39"]
[EventDate "2001.??.??"]

1. d4 Nf6 2. c4 e6 3. Nf3 Bb4+ 4. Bd2 a5 5. Nc3 b6 6. Bg5 Bb7 7. e3 h6 8. Bh4
d6 9. Bd3 Nbd7 10. O-O Bxc3 11. bxc3 Qe7 12. Nd2 g5 13. Bg3 h5 14. h4 Ng4 15.
hxg5 Qxg5 16. Nf3 Qe7 17. Be2 O-O-O 18. Bf4 f6 19. Nd2 Nf8 20. Bf3 1/2-1/2

[Event "12. Süder Sommerpokal"]
[Site "Recklinghausen"]
[Date "2001.08.08"]
[Round "5"]
[White "Feygin, Michail"]
[Black "Mainka, Romuald"]
[Result "1/2-1/2"]
[WhiteElo "2461"]
[BlackElo "2459"]
[PlyCount "93"]
[EventDate "2001.??.??"]

1. e4 c5 2. c3 Nf6 3. e5 Nd5 4. d4 cxd4 5. Qxd4 e6 6. Nf3 Nc6 7. Qe4 Qc7 8.
Nbd2 f5 9. Qe2 Nf4 10. Qe3 Nd5 11. Qe2 Be7 12. g3 O-O 13. Bg2 b5 14. O-O a5 15.
Re1 Ba6 16. Nf1 Nb6 17. b3 Nd5 18. Qd2 b4 19. c4 Nc3 20. Bb2 Ne4 21. Qc2 Bb7
22. N1d2 Nc5 23. Rad1 a4 24. Nd4 Qb6 25. Nxc6 Bxc6 26. Bd4 Bxg2 27. Kxg2 Qc6+
28. Kg1 Nb7 29. Qd3 Rfc8 30. Nf3 axb3 31. axb3 Ra3 32. Bb2 Nc5 33. Nd4 Qb7 34.
Qc2 Ra2 35. Ra1 Rxa1 36. Rxa1 Ne4 37. f3 Ng5 38. Kg2 Bc5 39. Qd3 Nf7 40. Nb5 h6
41. Bd4 Bxd4 42. Qxd4 Ra8 43. h4 g5 44. hxg5 hxg5 45. Rf1 g4 46. Qd2 gxf3+ 47.
Rxf3 1/2-1/2

[Event "12. Süder Sommerpokal"]
[Site "Recklinghausen"]
[Date "2001.08.08"]
[Round "5"]
[White "Kalka, Arkadius Georg"]
[Black "Bischoff, Klaus"]
[Result "1/2-1/2"]
[WhiteElo "2386"]
[BlackElo "2541"]
[PlyCount "80"]
[EventDate "2001.??.??"]

1. Nf3 Nf6 2. c4 e6 3. g3 d5 4. d4 Bb4+ 5. Bd2 Be7 6. Bg2 c6 7. Qc2 Nbd7 8. O-O
O-O 9. Bg5 b6 10. Nbd2 Bb7 11. e4 h6 12. Be3 Rc8 13. e5 Ne8 14. c5 bxc5 15.
dxc5 a5 16. a3 Qc7 17. Bd4 a4 18. b4 axb3 19. Nxb3 Ra8 20. a4 Ba6 21. Rfb1 g5
22. g4 Ng7 23. h4 Rfb8 24. hxg5 hxg5 25. Bf1 Bxf1 26. Kxf1 Rb4 27. Nbd2 Rxd4
28. Nxd4 Nxe5 29. f3 Bf6 30. Ne2 Ng6 31. Ra3 Qh2 32. a5 Nf4 33. Nxf4 gxf4 34.
Ra2 Bd4 35. Ke1 Qf2+ 36. Kd1 Qg1+ 37. Ke2 Qe3+ 38. Kd1 Qg1+ 39. Ke2 Qe3+ 40.
Kd1 Qg1+ 1/2-1/2

[Event "12. Süder Sommerpokal"]
[Site "Recklinghausen"]
[Date "2001.08.08"]
[Round "5"]
[White "Gofshtein, Leonid"]
[Black "Halasz, Tamas"]
[Result "1/2-1/2"]
[WhiteElo "2518"]
[BlackElo "2382"]
[PlyCount "137"]
[EventDate "2001.??.??"]

1. d4 d5 2. c4 e6 3. Nf3 Nf6 4. Nc3 c6 5. Bg5 Nbd7 6. cxd5 exd5 7. e3 Be7 8.
Qc2 O-O 9. Bd3 Re8 10. Bf4 Nf8 11. h3 Ng6 12. Bh2 Bd6 13. Bxd6 Qxd6 14. O-O-O
Be6 15. Kb1 Rac8 16. g4 b5 17. Ng5 Bd7 18. Rhe1 c5 19. Bxb5 Bxb5 20. Nxb5 Qb6
21. Nc3 cxd4 22. exd4 Rxe1 23. Rxe1 Qxd4 24. Nf3 Qc5 25. Qd2 h6 26. Nd4 Qb6 27.
f3 Rc4 28. Rd1 Ne5 29. b3 Rc8 30. Ka1 Nc6 31. Nf5 Qb4 32. Ne2 Qxd2 33. Rxd2 Re8
34. Kb2 Kh7 35. h4 g6 36. Nfd4 Nxd4 37. Nxd4 Re1 38. Re2 Rh1 39. Re7 Kg8 40.
Rxa7 Rxh4 41. Kc3 h5 42. gxh5 gxh5 43. Ra6 Rf4 44. Kd3 h4 45. Rc6 h3 46. Rc2
Nd7 47. Ke3 Rh4 48. Rh2 Ne5 49. Rh1 Kf8 50. Ne2 Ke7 51. Kf2 d4 52. Kg3 d3 53.
Nf4 Rh8 54. Nxh3 d2 55. Rd1 Nxf3 56. Nf2 Ne5 57. Rxd2 f5 58. Nh3 Ng6 59. Rc2
Rd8 60. Nf4 Nxf4 61. Kxf4 Ke6 62. Rc6+ Kd5 63. Ra6 Rf8 64. b4 Kc4 65. a3 Rf7
66. Ra5 Rf8 67. Rxf5 Ra8 68. Rc5+ Kd4 69. Rc1 1/2-1/2

[Event "12. Süder Sommerpokal"]
[Site "Recklinghausen"]
[Date "2001.08.08"]
[Round "5"]
[White "Bramkamp, Rainer"]
[Black "Eismont, Oleg"]
[Result "0-1"]
[WhiteElo "2191"]
[BlackElo "2443"]
[PlyCount "82"]
[EventDate "2001.??.??"]

1. d4 Nf6 2. Nf3 e6 3. g3 d5 4. Bg2 b6 5. O-O Be7 6. c4 c6 7. Qc2 O-O 8. b3 Bb7
9. Rd1 Na6 10. Nc3 Rc8 11. e4 Re8 12. Bb2 Qc7 13. e5 Nd7 14. cxd5 cxd5 15. Rdc1
Qb8 16. Qd1 Nb4 17. a3 Nc6 18. Bf1 Na5 19. Nd2 f6 20. Bh3 Nf8 21. exf6 Bxf6 22.
Ne2 Rcd8 23. f4 Ba6 24. Kf2 Qb7 25. Ng1 Qf7 26. Kg2 Bd3 27. Ngf3 h6 28. Kg1 Qh5
29. Bf1 Bxf1 30. Qxf1 Ng6 31. Rc7 Re7 32. Rac1 Qg4 33. Qg2 Qf5 34. Rxe7 Bxe7
35. Qe2 Qg4 36. Qg2 Rd7 37. Ne5 Nxe5 38. fxe5 Bg5 39. Rc8+ Kh7 40. Nf3 Be3+ 41.
Kh1 Rf7 0-1

[Event "12. Süder Sommerpokal"]
[Site "Recklinghausen"]
[Date "2001.08.08"]
[Round "5"]
[White "Spieß, Timo"]
[Black "Hillarp Persson, Tiger"]
[Result "1/2-1/2"]
[WhiteElo "2181"]
[BlackElo "2438"]
[PlyCount "114"]
[EventDate "2001.??.??"]

1. e4 g6 2. d4 Bg7 3. Nc3 d6 4. f4 a6 5. a4 Nc6 6. Be3 Nf6 7. Nf3 O-O 8. Be2 b6
9. O-O e6 10. Kh1 Nb4 11. e5 Nd7 12. Ne4 Bb7 13. Nf2 c5 14. c3 Nd5 15. Bd2 cxd4
16. cxd4 f6 17. exd6 Qb8 18. Ne4 Rd8 19. Bc4 f5 20. Neg5 Qxd6 21. Re1 Re8 22.
Qb3 h6 23. Nh3 Rac8 24. Rac1 Kh7 25. Ne5 Nxe5 26. fxe5 Qd7 27. Red1 g5 28. a5
b5 29. Be2 Rxc1 30. Bxc1 g4 31. Nf4 Rc8 32. Nd3 Bf8 33. Bd2 Rc4 34. Nc5 Bxc5
35. dxc5 Rd4 36. Bc1 Rxd1+ 37. Qxd1 Qg7 38. Qd2 h5 39. Qg5 Qxg5 40. Bxg5 Kg6
41. Bd2 Ne7 42. Kg1 Be4 43. g3 Nc6 44. Bc3 f4 45. gxf4 Kf5 46. Bd2 Ne7 47. Bd1
Ng6 48. Bb3 Nxf4 49. Bxf4 Kxf4 50. Bxe6 Kxe5 51. Bc8 Kd4 52. Bxa6 Kxc5 53. Bc8
b4 54. Kf2 Kb5 55. a6 Kb6 56. Kg3 Bd3 57. Kh4 Be2 1/2-1/2

[Event "12. Süder Sommerpokal"]
[Site "Recklinghausen"]
[Date "2001.08.08"]
[Round "5"]
[White "Kloß, Detlev"]
[Black "Rotstein, Jefim"]
[Result "0-1"]
[WhiteElo "2119"]
[BlackElo "2364"]
[PlyCount "54"]
[EventDate "2001.??.??"]

1. d4 Nf6 2. Nf3 c5 3. g3 cxd4 4. Nxd4 e5 5. Nf3 Nc6 6. Bg2 d5 7. O-O Be7 8. c4
d4 9. Ng5 O-O 10. Nd2 a5 11. Nde4 Nxe4 12. Nxe4 a4 13. f3 Be6 14. c5 f5 15. Nf2
Bxc5 16. Nd3 Bb6 17. Kh1 Qe7 18. Bd2 Rfe8 19. Qe1 Bd5 20. a3 Ba5 21. Bb4 Nxb4
22. axb4 Bc7 23. Rc1 Bd6 24. b5 Qd7 25. e4 fxe4 26. Nb4 Bf7 27. Rd1 Bb3 0-1

[Event "12. Süder Sommerpokal"]
[Site "Recklinghausen"]
[Date "2001.08.08"]
[Round "5"]
[White "Kotlar, Alfred"]
[Black "Kern, Guido"]
[Result "0-1"]
[WhiteElo "2057"]
[BlackElo "2334"]
[PlyCount "61"]
[EventDate "2001.??.??"]

1. d4 e6 2. Nf3 c5 3. c3 Nc6 4. e3 Nf6 5. Be2 d5 6. O-O Bd6 7. h3 O-O 8. b3 e5
9. dxe5 Nxe5 10. Bb2 Qe7 11. Nbd2 Rd8 12. Nxe5 Qxe5 13. Nf3 Qh5 14. Ne1 Qh6 15.
f4 Re8 16. Rf3 Bf5 17. g4 Bxg4 18. hxg4 Nxg4 19. Rh3 Qxh3 20. Bxg4 Qxe3+ 21.
Kf1 Qxf4+ 22. Qf3 Qh2 23. Qg2 Qxg2+ 24. Nxg2 Rad8 25. Rd1 Be5 26. Bf3 b5 27.
Ba3 d4 28. cxd4 Bxd4 29. Bc6 Re6 30. Bxb5 Rf6+ 31. Ke1 0-1

[Event "12. Süder Sommerpokal"]
[Site "Recklinghausen"]
[Date "2001.08.08"]
[Round "5"]
[White "Kummerow, Heiko"]
[Black "Konietzka, Lutz"]
[Result "1-0"]
[WhiteElo "2297"]
[BlackElo "2160"]
[PlyCount "55"]
[EventDate "2001.??.??"]

1. e4 c5 2. Nf3 Nc6 3. d4 cxd4 4. Nxd4 Nf6 5. Nc3 d6 6. Bg5 e6 7. Qd2 a6 8.
O-O-O h6 9. Nxc6 bxc6 10. Bf4 d5 11. Qe3 Qa5 12. Be2 Bb4 13. Be5 Bxc3 14. Bxc3
Qxa2 15. Bxf6 gxf6 16. Qc3 Bd7 17. Qxf6 Rf8 18. Bf3 Qa1+ 19. Kd2 Qa5+ 20. Qc3
Qb6 21. Ke2 Qb5+ 22. Rd3 Ke7 23. Qa3+ Kf6 24. Qd6 Rad8 25. Rb1 Be8 26. Qxf8
dxe4 27. Qxh6+ Ke5 28. Qg5+ 1-0

[Event "12. Süder Sommerpokal"]
[Site "Recklinghausen"]
[Date "2001.08.08"]
[Round "5"]
[White "Wilde, Pierre"]
[Black "Müller, Herbert"]
[Result "1-0"]
[WhiteElo "2272"]
[BlackElo "2121"]
[PlyCount "61"]
[EventDate "2001.??.??"]

1. c4 b6 2. Nc3 e6 3. a3 f5 4. d4 Bb7 5. d5 Nf6 6. g3 a5 7. Bg2 Bc5 8. Nf3 O-O
9. O-O Qe8 10. Rb1 Na6 11. Ne1 e5 12. Nc2 Bd6 13. b4 axb4 14. axb4 e4 15. f4
Qe7 16. Nb5 Rad8 17. Nxd6 Qxd6 18. Ne3 Nxb4 19. Qb3 Na6 20. Nxf5 Qc5+ 21. Be3
Qa5 22. Qb2 Rf7 23. Bd4 Re8 24. Ne3 Qa4 25. Rfc1 d6 26. Bh3 Rb8 27. Be6 Nc5 28.
Bxf7+ Kxf7 29. Bxf6 gxf6 30. Ng4 Nd7 31. Ra1 1-0

[Event "12. Süder Sommerpokal"]
[Site "Recklinghausen"]
[Date "2001.08.08"]
[Round "5"]
[White "Zaragatski, Ilja"]
[Black "Schreck, Roland"]
[Result "1-0"]
[WhiteElo "2248"]
[BlackElo "2109"]
[PlyCount "97"]
[EventDate "2001.??.??"]

1. e4 e6 2. Nf3 d5 3. Nc3 Nf6 4. e5 Nfd7 5. d4 c5 6. dxc5 Nc6 7. Bf4 Bxc5 8.
Bd3 a6 9. O-O Be7 10. Bg3 g5 11. h3 h5 12. Re1 g4 13. hxg4 hxg4 14. Nh2 Rg8 15.
Nxg4 Bh4 16. Nf6+ Bxf6 17. exf6 Rxg3 18. fxg3 Nde5 19. Qh5 Qxf6 20. Re2 Bd7 21.
Qh4 Qxh4 22. gxh4 Ke7 23. Rf1 Rh8 24. Rf4 Kd6 25. g3 f5 26. Rd2 Ne7 27. Ne2
Nxd3 28. Rxd3 e5 29. Rf2 Bb5 30. Rd1 Rg8 31. Kh2 Rg4 32. Nc3 Bc6 33. Kh3 Bd7
34. Kh2 Bc6 35. b3 b5 36. Ne2 b4 37. Ng1 d4 38. Nh3 Kc5 39. Re1 Kd5 40. Rfe2 e4
41. Nf4+ Rxf4 42. gxf4 Be8 43. Rg2 Ng6 44. Rg5 e3 45. Kg3 Ke4 46. h5 Nxf4 47.
h6 Ng6 48. h7 f4+ 49. Kh2 1-0

[Event "12. Süder Sommerpokal"]
[Site "Recklinghausen"]
[Date "2001.08.08"]
[Round "5"]
[White "Eismont, Igor"]
[Black "Stoven, Gilles-Noel"]
[Result "1-0"]
[WhiteElo "2238"]
[BlackElo "2051"]
[PlyCount "81"]
[EventDate "2001.??.??"]

1. d4 Nf6 2. c4 c5 3. d5 b5 4. Nd2 Qa5 5. Qc2 g6 6. e4 d6 7. Ngf3 Bg7 8. Bd3
bxc4 9. Bxc4 Na6 10. O-O O-O 11. a3 Rb8 12. Rb1 Re8 13. b3 Nd7 14. Bb2 Bxb2 15.
Qxb2 Nc7 16. e5 Nb6 17. exd6 exd6 18. Qf6 Nbxd5 19. Bxd5 Nxd5 20. Qxd6 Be6 21.
Nc4 Qc7 22. Ng5 Qxd6 23. Nxd6 Re7 24. Rfe1 Nc3 25. Rbc1 Rxb3 26. Ndxf7 Rxf7 27.
Nxe6 c4 28. h4 Re7 29. a4 h6 30. Kh2 a5 31. f3 Re8 32. Re5 Kf7 33. Rce1 Rbb8
34. g4 Nxa4 35. Rxa5 Nc5 36. Rxc5 Rxe6 37. Rc7+ Kf6 38. g5+ hxg5 39. hxg5+ Kxg5
40. Rxe6 Kf4 41. Rf6+ 1-0

[Event "12. Süder Sommerpokal"]
[Site "Recklinghausen"]
[Date "2001.08.08"]
[Round "5"]
[White "Fahnenschmidt, Willi"]
[Black "Kartsev, Soel"]
[Result "0-1"]
[WhiteElo "2130"]
[BlackElo "2236"]
[PlyCount "74"]
[EventDate "2001.??.??"]

1. e4 d5 2. exd5 Nf6 3. d4 Nxd5 4. c4 Nb6 5. Nc3 g6 6. h3 Bg7 7. Nf3 Nc6 8. Be3
O-O 9. Qd2 e5 10. d5 Ne7 11. Rd1 Nf5 12. c5 Nxe3 13. Qxe3 e4 14. cxb6 exf3 15.
bxc7 Qxc7 16. Qxf3 Qb6 17. Rd2 Bh6 18. Qd1 Bxd2+ 19. Qxd2 Bd7 20. Be2 Rfe8 21.
O-O Qd6 22. Bf3 f5 23. Rd1 b5 24. Ne2 b4 25. Nd4 Rad8 26. h4 a5 27. h5 Re7 28.
hxg6 hxg6 29. Qg5 Kg7 30. g3 Rde8 31. Kg2 Re1 32. Rxe1 Rxe1 33. Qd8 Qe7 34. Qc7
g5 35. d6 Qf7 36. Qxa5 g4 37. Bd5 Qh5 0-1

[Event "12. Süder Sommerpokal"]
[Site "Recklinghausen"]
[Date "2001.08.08"]
[Round "5"]
[White "Blayvas, Jan"]
[Black "Dresen, Ulrich"]
[Result "0-1"]
[WhiteElo "1912"]
[BlackElo "2233"]
[PlyCount "64"]
[EventDate "2001.??.??"]

1. d4 d5 2. c4 c6 3. Nf3 Nf6 4. Nc3 a6 5. e3 b5 6. b3 Bg4 7. Be2 e6 8. h3 Bh5
9. Ne5 Bxe2 10. Qxe2 Nbd7 11. Nxc6 Qc7 12. cxb5 axb5 13. Nxb5 Qxc6 14. Bd2 Bd6
15. Rc1 Qb6 16. a3 Ne4 17. Nxd6+ Nxd6 18. Bb4 O-O 19. O-O Rfc8 20. h4 Ne4 21.
Qb2 h5 22. Rxc8+ Rxc8 23. Rc1 Rc6 24. g3 Nb8 25. Kg2 Qb5 26. Rxc6 Nxc6 27. Be1
Qd3 28. Qc1 Ne7 29. Qb2 Nf5 30. a4 Qd1 31. Ba5 g5 32. hxg5 h4 0-1

[Event "12. Süder Sommerpokal"]
[Site "Recklinghausen"]
[Date "2001.08.08"]
[Round "5"]
[White "Saltaev, Mihail"]
[Black "Lutz, Jürgen"]
[Result "1-0"]
[WhiteElo "2510"]
[BlackElo "1941"]
[PlyCount "73"]
[EventDate "2001.??.??"]

1. e4 c5 2. Nf3 Nc6 3. d4 cxd4 4. Nxd4 Nf6 5. Nc3 e5 6. Ndb5 d6 7. a4 a6 8. Na3
Be6 9. Bc4 Rc8 10. O-O Be7 11. Re1 O-O 12. Nd5 Bxd5 13. exd5 Nb8 14. Bf1 Qa5
15. c4 Nbd7 16. Bd2 Qb6 17. b4 Ne8 18. a5 Qd8 19. Nc2 f5 20. Ra3 Nef6 21. f3 f4
22. Bd3 Nh5 23. Qe2 Bh4 24. Rd1 Ng3 25. hxg3 Bxg3 26. Be1 Qh4 27. Bxg3 fxg3 28.
Qe3 Qh2+ 29. Kf1 Rxf3+ 30. Qxf3 Rf8 31. Bf5 e4 32. Qxe4 Qh1+ 33. Ke2 Qh5+ 34.
Rf3 Nf6 35. Be6+ Kh8 36. Qf5 Qh2 37. Qh3 1-0

[Event "12. Süder Sommerpokal"]
[Site "Recklinghausen"]
[Date "2001.08.08"]
[Round "5"]
[White "Mittelbachert, Ulrich"]
[Black "Genkin, Michael"]
[Result "0-1"]
[WhiteElo "2086"]
[BlackElo "2266"]
[PlyCount "64"]
[EventDate "2001.??.??"]

1. Nf3 Nf6 2. g3 b6 3. Bg2 Bb7 4. d3 c5 5. O-O e6 6. Nbd2 d5 7. e3 Be7 8. Qe2
O-O 9. e4 Nc6 10. e5 Nd7 11. Re1 Qc7 12. Nf1 Rfc8 13. Bf4 b5 14. h4 b4 15. N1h2
Bf8 16. Ng5 h6 17. Qh5 hxg5 18. hxg5 g6 19. Qh4 Ncxe5 20. Rxe5 Nxe5 21. Ng4 Bd6
22. Nf6+ Kf8 23. Re1 Ke7 24. Bxe5 Bxe5 25. Bxd5 Bxd5 26. Nxd5+ exd5 27. Qf4 Kf8
28. Rxe5 Qc6 29. Qh4 Kg8 30. Re3 d4 31. Re4 Re8 32. Qh1 Rxe4 0-1

[Event "12. Süder Sommerpokal"]
[Site "Recklinghausen"]
[Date "2001.08.08"]
[Round "5"]
[White "Gassmann, Volker"]
[Black "Pirs, Matjaz"]
[Result "1/2-1/2"]
[WhiteElo "2188"]
[BlackElo "2248"]
[PlyCount "28"]
[EventDate "2001.??.??"]

1. d4 Nf6 2. c4 c5 3. d5 g6 4. Nc3 d6 5. e4 b5 6. cxb5 Bg7 7. Nf3 O-O 8. Nd2 e6
9. dxe6 Bxe6 10. Bc4 d5 11. exd5 Nxd5 12. Nxd5 Bxd5 13. O-O a6 14. b6 Bb7
1/2-1/2

[Event "12. Süder Sommerpokal"]
[Site "Recklinghausen"]
[Date "2001.08.08"]
[Round "5"]
[White "Woller, Rainer"]
[Black "Nebel, Jens"]
[Result "1/2-1/2"]
[WhiteElo "2234"]
[BlackElo "2022"]
[PlyCount "76"]
[EventDate "2001.??.??"]

1. e4 c5 2. Nf3 d6 3. d4 cxd4 4. Nxd4 Nf6 5. Nc3 g6 6. Be2 Bg7 7. O-O O-O 8.
Nb3 Nc6 9. Bg5 a6 10. a4 Be6 11. Kh1 Rc8 12. f4 Na5 13. Nxa5 Qxa5 14. Bf3 Rfe8
15. Nd5 Nxd5 16. exd5 Bd7 17. c3 Rc4 18. Qb3 Rxa4 19. Rxa4 Bxa4 20. Qxb7 Bb5
21. Re1 Qa2 22. h3 h6 23. Bh4 Qxb2 24. Rxe7 Rxe7 25. Qxe7 Qc1+ 26. Kh2 Bf8 27.
Qf6 Qe3 28. Bd1 Bd3 29. Bg4 Bf5 30. Bxf5 Qxf4+ 31. Kg1 Qxf5 32. Qxf5 gxf5 33.
Bd8 Bg7 34. Ba5 Kf8 35. Kf2 Ke7 36. Kf3 Kf6 37. c4 Bf8 38. Bc3+ Kg6 1/2-1/2

[Event "12. Süder Sommerpokal"]
[Site "Recklinghausen"]
[Date "2001.08.08"]
[Round "5"]
[White "Zeier, Robert"]
[Black "Hilmer, Frank"]
[Result "0-1"]
[WhiteElo "2034"]
[BlackElo "2216"]
[PlyCount "62"]
[EventDate "2001.??.??"]

1. e4 c5 2. Nf3 Nc6 3. d4 cxd4 4. Nxd4 Nf6 5. Nc3 e5 6. Ndb5 d6 7. Nd5 Nxd5 8.
exd5 Nb8 9. c4 Be7 10. Be2 O-O 11. O-O a6 12. Nc3 f5 13. f4 Nd7 14. Qc2 Bf6 15.
Bd3 exf4 16. Bxf4 Be5 17. Bxe5 Nxe5 18. b4 Qb6+ 19. Kh1 Qxb4 20. Rab1 Qa5 21.
Na4 f4 22. Rb2 b5 23. cxb5 axb5 24. Nc3 Bf5 25. Qd2 Nc4 26. Bxc4 bxc4 27. g4
Bd3 28. Rf2 Rae8 29. Rb7 f3 30. h4 Qd8 31. g5 Qc8 0-1

[Event "12. Süder Sommerpokal"]
[Site "Recklinghausen"]
[Date "2001.08.08"]
[Round "5"]
[White "Reinhold, Klaus"]
[Black "Wicht, Jürgen"]
[Result "1/2-1/2"]
[WhiteElo "1931"]
[BlackElo "2197"]
[PlyCount "45"]
[EventDate "2001.??.??"]

1. d4 g6 2. c4 Bg7 3. Nc3 d6 4. e4 Nc6 5. Be3 e5 6. d5 Nce7 7. g4 f5 8. gxf5
gxf5 9. Qh5+ Ng6 10. Bg5 Bf6 11. h4 Kf8 12. exf5 Bxf5 13. Qf3 Qd7 14. Bh3 Nf4
15. Bxf4 exf4 16. O-O-O Be5 17. Nge2 Bxh3 18. Rxh3 Qf7 19. Nd4 Ke7 20. Ne6 Nh6
21. Re1 Kd7 22. Ne4 Rae8 23. Qa3 1/2-1/2

[Event "12. Süder Sommerpokal"]
[Site "Recklinghausen"]
[Date "2001.08.08"]
[Round "5"]
[White "Ciornei, Dragos"]
[Black "Montignies, Rainer"]
[Result "1-0"]
[WhiteElo "2168"]
[BlackElo "1901"]
[PlyCount "37"]
[EventDate "2001.??.??"]

1. e4 c5 2. Nf3 e6 3. d4 cxd4 4. Nxd4 a6 5. Bd3 Nf6 6. O-O Qc7 7. c4 d6 8. Qe2
Nbd7 9. b3 b6 10. Bb2 Bb7 11. Nc3 g5 12. Rac1 Be7 13. Rfd1 Rg8 14. Nd5 exd5 15.
cxd5 Qd8 16. Nc6 Bxc6 17. dxc6 Ne5 18. c7 Qc8 19. Bxe5 1-0

[Event "12. Süder Sommerpokal"]
[Site "Recklinghausen"]
[Date "2001.08.08"]
[Round "5"]
[White "Goralski, Christian"]
[Black "Meyer, Jürgen"]
[Result "1-0"]
[WhiteElo "2149"]
[BlackElo "1801"]
[PlyCount "115"]
[EventDate "2001.??.??"]

1. e4 b6 2. d4 e6 3. Nd2 Bb7 4. Ngf3 Be7 5. Bd3 c5 6. c3 Nc6 7. a3 Qc7 8. Qe2
Nf6 9. e5 Nd5 10. Ne4 cxd4 11. c4 Nxe5 12. Nxe5 Qxe5 13. cxd5 Bxd5 14. O-O Bxe4
15. Qxe4 Qxe4 16. Bxe4 d5 17. Bd3 O-O 18. f4 f5 19. Bd2 Rac8 20. Bb4 Bc5 21.
Rac1 Rf7 22. Rc2 a5 23. Bd2 Rfc7 24. Rfc1 Bd6 25. Rxc7 Rxc7 26. Rxc7 Bxc7 27.
Kf1 Kf7 28. Ke2 g5 29. g3 gxf4 30. gxf4 Kg6 31. Bb5 e5 32. Be8+ Kf6 33. Kd3
exf4 34. Bh5 Kg5 35. Bf3 Be5 36. Be1 Kf6 37. Bf2 Ke6 38. a4 Bc7 39. Bxd4 Kd6
40. Bg7 Kc6 41. Kd4 b5 42. axb5+ Kxb5 43. Kxd5 Kb4 44. Ke6 Bb6 45. Kxf5 Be3 46.
Bc3+ Kb3 47. Bxa5 Kxb2 48. Bc7 Kc3 49. Bxf4 Bxf4 50. Kxf4 Kd4 51. h4 h6 52. h5
Kc5 53. Kf5 Kd6 54. Kg6 Ke6 55. Kxh6 Kf7 56. Kh7 Kf6 57. h6 Kf7 58. Bd5+ 1-0

[Event "12. Süder Sommerpokal"]
[Site "Recklinghausen"]
[Date "2001.08.08"]
[Round "5"]
[White "Busch, Christian"]
[Black "Bettendorf, Heinz"]
[Result "1-0"]
[WhiteElo "2112"]
[BlackElo "1712"]
[PlyCount "43"]
[EventDate "2001.??.??"]

1. d4 d5 2. Nf3 Nf6 3. c4 c6 4. cxd5 cxd5 5. Nc3 e6 6. Bf4 Bd7 7. e3 a6 8. Ne5
Nc6 9. Nxd7 Qxd7 10. Rc1 Rc8 11. Bd3 Bb4 12. a3 Ba5 13. O-O Bc7 14. Bg5 h6 15.
Bh4 g5 16. Bg3 Ne7 17. Be5 Bxe5 18. dxe5 Nfg8 19. f4 d4 20. Ne4 Nf5 21. Rxc8+
Qxc8 22. fxg5 1-0

[Event "12. Süder Sommerpokal"]
[Site "Recklinghausen"]
[Date "2001.08.08"]
[Round "5"]
[White "Samisch, Romuald"]
[Black "Ritter, Uwe"]
[Result "0-1"]
[WhiteElo "1677"]
[BlackElo "2094"]
[PlyCount "88"]
[EventDate "2001.??.??"]

1. Nf3 c5 2. g3 Nf6 3. Bg2 d5 4. O-O Nc6 5. d4 e6 6. c4 dxc4 7. Qa4 a6 8. Ne5
Bd7 9. Nxd7 Qxd7 10. dxc5 Bxc5 11. Rd1 Nd4 12. Nc3 Nxe2+ 13. Kf1 Nxc3 14. Qxd7+
Nxd7 15. bxc3 O-O-O 16. Rb1 b6 17. Bf4 Nf6 18. a4 Nd5 19. Be5 f6 20. Bd4 Bxd4
21. Rxd4 Rd6 22. Rxc4+ Kd7 23. Rd4 Rb8 24. Bxd5 exd5 25. Ke2 Re8+ 26. Kd3 Re5
27. c4 dxc4+ 28. Kxc4 Rxd4+ 29. Kxd4 Kc6 30. Rb2 Rd5+ 31. Kc4 b5+ 32. axb5+
axb5+ 33. Kc3 Kc5 34. f4 Rd1 35. Kb3 b4 36. Rc2+ Kb5 37. Rb2 Rd3+ 38. Kc2 Rc3+
39. Kb1 Kc4 40. Ka2 Ra3+ 41. Kb1 Rb3 42. Kc2 Rxb2+ 43. Kxb2 f5 44. h3 Kd4 0-1

[Event "12. Süder Sommerpokal"]
[Site "Recklinghausen"]
[Date "2001.08.08"]
[Round "5"]
[White "Servaty, Rudolf"]
[Black "Siepmann, Martin"]
[Result "1-0"]
[WhiteElo "2255"]
[BlackElo "2048"]
[PlyCount "75"]
[EventDate "2001.??.??"]

1. d4 d5 2. c4 e6 3. Nc3 Be7 4. Nf3 Nf6 5. Bf4 O-O 6. e3 c5 7. dxc5 Bxc5 8. a3
a5 9. cxd5 Nxd5 10. Nxd5 exd5 11. Bd3 h6 12. Rc1 b6 13. O-O Ba6 14. Bxa6 Nxa6
15. Nd4 Nc7 16. Qg4 Qc8 17. Qf3 a4 18. Nc6 Qe6 19. Nd4 Bxd4 20. exd4 Nb5 21.
Rfe1 Qf6 22. Qg3 Rac8 23. Rcd1 Rc2 24. Be5 Qg6 25. Qf3 Rxb2 26. h4 Rc8 27. Qxd5
Rcc2 28. Bg3 Nc3 29. Qa8+ Kh7 30. Re8 Ne2+ 31. Kh2 Qf5 32. Re5 Qg4 33. Re4 Nf4
34. Rxf4 Qxd1 35. Qe4+ Kg8 36. Qe8+ Kh7 37. Rxf7 Qxd4 38. Rf8 1-0

[Event "12. Süder Sommerpokal"]
[Site "Recklinghausen"]
[Date "2001.08.08"]
[Round "5"]
[White "van Winsen, Joost"]
[Black "Hoefker, Mathias"]
[Result "0-1"]
[WhiteElo "1800"]
[BlackElo "2241"]
[PlyCount "64"]
[EventDate "2001.??.??"]

1. c4 e6 2. g3 Nf6 3. Bg2 d5 4. Nf3 dxc4 5. a4 Nc6 6. Na3 Bxa3 7. Rxa3 e5 8. b3
cxb3 9. Qxb3 O-O 10. d3 Qd6 11. Bb2 Be6 12. Qc2 Qb4+ 13. Qd2 e4 14. dxe4 Nxe4
15. Qxb4 Nxb4 16. Nd4 Bd5 17. O-O Nd6 18. Rc1 Bxg2 19. Kxg2 c6 20. Rb3 a5 21.
Ba3 Rfc8 22. Rbc3 Rd8 23. Rb3 c5 24. Bxb4 cxb4 25. Rd3 Rac8 26. Rcd1 Ne4 27.
Nb5 Rxd3 28. Rxd3 Nc5 29. Rd5 b6 30. Na7 Re8 31. Nc6 Nxa4 32. Nd4 g6 0-1

[Event "12. Süder Sommerpokal"]
[Site "Recklinghausen"]
[Date "2001.08.08"]
[Round "5"]
[White "Heckötter, Christian"]
[Black "Michalczak, Thomas"]
[Result "0-1"]
[WhiteElo "1967"]
[BlackElo "2232"]
[PlyCount "48"]
[EventDate "2001.??.??"]

1. d4 Nf6 2. Nf3 c5 3. e3 d5 4. c3 Nbd7 5. Bd3 Qc7 6. Nbd2 e5 7. e4 exd4 8.
cxd4 c4 9. Bc2 c3 10. bxc3 Qxc3 11. Rb1 dxe4 12. Rb3 Qa5 13. Re3 Be7 14. Ne5
O-O 15. O-O Nxe5 16. dxe5 Qxe5 17. Nxe4 Ng4 18. Rg3 f5 19. f4 Qc7 20. Bb3+ Kh8
21. Rxg4 fxg4 22. Ng5 Bxg5 23. fxg5 Rxf1+ 24. Qxf1 Be6 0-1

[Event "12. Süder Sommerpokal"]
[Site "Recklinghausen"]
[Date "2001.08.08"]
[Round "5"]
[White "Sondermann, Dirk"]
[Black "Iounoussov, Maksim"]
[Result "1/2-1/2"]
[WhiteElo "2171"]
[BlackElo "2007"]
[PlyCount "99"]
[EventDate "2001.??.??"]

1. d4 d5 2. c4 e6 3. Nf3 c5 4. cxd5 exd5 5. g3 Nc6 6. Bg2 Nf6 7. O-O Be7 8. Nc3
O-O 9. Bg5 cxd4 10. Nxd4 h6 11. Bxf6 Bxf6 12. Nxc6 bxc6 13. Qc2 Rb8 14. e3 Qa5
15. Rac1 Bxc3 16. bxc3 Qa3 17. Rb1 Ba6 18. Rfe1 Bc4 19. Qc1 Qxc1 20. Rexc1 Bxa2
21. Ra1 Rb2 22. Bf1 Rfb8 23. c4 dxc4 24. Bxc4 Bxc4 25. Rxc4 Rb1+ 26. Rxb1 Rxb1+
27. Kg2 Rb6 28. Rd4 a5 29. Rd8+ Kh7 30. Ra8 Rb5 31. Ra6 Rc5 32. Kf3 f5 33. Ke2
Rc2+ 34. Kf3 Rc5 35. Ke2 Kg6 36. Kd3 Kf6 37. Kd4 Rc2 38. f4 a4 39. Rxa4 Rxh2
40. Rc4 Rd2+ 41. Kc3 Rg2 42. Rxc6+ Kf7 43. Kd4 Rxg3 44. Ke5 g6 45. Rc7+ Ke8 46.
Kf6 h5 47. Re7+ Kd8 48. Rh7 Rg4 49. Ke6 Rg1 50. Kf6 1/2-1/2

[Event "12. Süder Sommerpokal"]
[Site "Recklinghausen"]
[Date "2001.08.08"]
[Round "5"]
[White "Jungbluth, Rolf"]
[Black "Weißkopf, Lutz"]
[Result "0-1"]
[WhiteElo "2156"]
[BlackElo "2042"]
[PlyCount "80"]
[EventDate "2001.??.??"]

1. c4 Nf6 2. Nc3 g6 3. e4 d6 4. d4 Bg7 5. Be2 O-O 6. Bg5 h6 7. Be3 e5 8. d5 a5
9. f3 c6 10. Qd2 Kh7 11. dxc6 bxc6 12. O-O-O Ne8 13. c5 Be6 14. cxd6 a4 15. Bc5
Nd7 16. Ba3 Nef6 17. Kb1 Qb6 18. g4 Nc5 19. h4 Nfd7 20. h5 g5 21. Bf1 Rfb8 22.
Nge2 Rb7 23. Rh2 Rab8 24. Nc1 Qa7 25. Qe3 Qa5 26. Rc2 Bf6 27. N3e2 Bd8 28. Ng3
Bb6 29. Qd2 Qa7 30. Nf5 Ba5 31. Qe3 Bb4 32. Ne7 Bxa3 33. Qxa3 Rb6 34. Ka1 Qb7
35. Rdd2 Nb3+ 36. Nxb3 axb3 37. Rc5 Nxc5 38. Qxc5 Ra6 39. Bc4 Rxa2+ 40. Kb1
Rba8 0-1